000 01165nam a2200337Ia 4500
003 OSt
005 20220912145348.0
006 a|||||r|||| 00| 0
007 ta
008 220909b |||||||| |||| 00| 0 eng d
020 _a9780127159515 (hbd)
024 _a83892
037 _b025/09-10, 17/07/2009, N R Book Distributors
037 _cTextbook
040 _aCSL
_beng
_cCSL
041 _aeng
082 _aB28931:(9S), P8 TD
100 _aCarvalho Paulo Cezar Pinto
245 0 _aMathematical optimization in computer graphics and vision
260 _aAmsterdam
_bElsevier
_c2008
300 _axxiv, 275p.
_ccm.
490 _aMorgan kaufmann series in computer graphics
500 _aIncludes bibliographical references.; Index 271-275p.
650 _a Mathematical optimization
650 _aComputer science
700 _a Figueiredo Luiz Henrique De
700 _a Gomes Jonas
700 _a Velho Luiz
942 _hB28931:(9S), P8 TD
_cTB
_2CC
999 _c29939
_d29939